หนังสือมนุษย์ เล่มที่ 11 เรื่อง พระบาทสมเด็จพระปกเกล้าเจ้าอยู่หัว พระมหากษัตริย์นักประชาธิปไตย / (ระเบียนเลขที่ 101526)
| 000 -LEADER | |
|---|---|
| fixed length control field | 01725ngm a22002777a 4500 |
| 003 - CONTROL NUMBER IDENTIFIER | |
| control field | NALT |
| 005 - DATE AND TIME OF LATEST TRANSACTION | |
| control field | 20250331125935.0 |
| 006 - FIXED-LENGTH DATA ELEMENTS--ADDITIONAL MATERIAL CHARACTERISTICS | |
| fixed length control field | a|||||r|||| 00| 0 |
| 008 - FIXED-LENGTH DATA ELEMENTS--GENERAL INFORMATION | |
| fixed length control field | 230316b th ||||| |||| 00| 0 tha d |
| 040 ## - CATALOGING SOURCE | |
| Original cataloging agency | NALT |
| 100 0# - MAIN ENTRY--PERSONAL NAME | |
| 9 (RLIN) | 8738 |
| Personal name | ณัฏฐกฤษฎ์ วงศ์เจริญ |
| 245 10 - TITLE STATEMENT | |
| Title | หนังสือมนุษย์ เล่มที่ 11 เรื่อง พระบาทสมเด็จพระปกเกล้าเจ้าอยู่หัว พระมหากษัตริย์นักประชาธิปไตย / |
| Statement of responsibility, etc. | ณัฏฐกฤษฎ์ วงศ์เจริญ. |
| 260 ## - PUBLICATION, DISTRIBUTION, ETC. | |
| Place of publication, distribution, etc. | กรุงเทพฯ : |
| Name of publisher, distributor, etc. | สำนักงานเลขาธิการสภาผู้แทนราษฎร, |
| Date of publication, distribution, etc. | 2565 |
| 306 ## - PLAYING TIME | |
| Playing time | 010721 |
| 600 04 - SUBJECT ADDED ENTRY--PERSONAL NAME | |
| 9 (RLIN) | 10802 |
| Personal name | ปกเกล้าเจ้าอยู่หัว, |
| Titles and other words associated with a name | พระบาทสมเด็จพระ, |
| Dates associated with a name | 2436-2484 |
| 650 #0 - SUBJECT ADDED ENTRY--TOPICAL TERM | |
| Topical term or geographic name entry element | พระบรมราชานุสาวรีย์พระบาทสมเด็จพระปกเกล้าเจ้าอยู่หัว |
| 9 (RLIN) | 54769 |
| 653 #4 - INDEX TERM--UNCONTROLLED | |
| Uncontrolled term | พระมหากษัตริย์กับประชาธิปไตย |
| 850 ## - HOLDING INSTITUTION | |
| Holding institution | NALT |
| 856 40 - ELECTRONIC LOCATION AND ACCESS | |
| Uniform Resource Identifier | <a href="https://library.parliament.go.th/th/taxonomy/term/438">https://library.parliament.go.th/th/taxonomy/term/438</a> |
| Link text | Video Clip |
| 856 40 - ELECTRONIC LOCATION AND ACCESS | |
| Uniform Resource Identifier | <a href="https://youtu.be/3Js_IkZ6pvw">https://youtu.be/3Js_IkZ6pvw</a> |
| Link text | View on YouTube (ตอนที่ 1) |
| 856 40 - ELECTRONIC LOCATION AND ACCESS | |
| Uniform Resource Identifier | <a href="https://youtu.be/9FyZo-mwlQo">https://youtu.be/9FyZo-mwlQo</a> |
| Link text | View on YouTube (ตอนที่ 2) |
| 856 40 - ELECTRONIC LOCATION AND ACCESS | |
| Uniform Resource Identifier | <a href="https://youtu.be/YcC4j7Lb0FU">https://youtu.be/YcC4j7Lb0FU</a> |
| Link text | View on YouTube (ตอนที่ 3) |
| 942 ## - ADDED ENTRY ELEMENTS (KOHA) | |
| Source of classification or shelving scheme | Local Classification |
| Koha item type | Human Book |
| 996 ## - STAFF PROCESSING RECORDS (NALT) | |
| Staff name | jamriang.p |
| Staff type | CATSTF |
| Acquisition or Cataloging date | 2023-03-16 |
| 998 ## - STAFF NAME (NALT) | |
| -- | 104 |
| -- | นางสาวสายฝน ดีงาม |
| Withdrawn status | Lost status | Source of classification or shelving scheme | Damaged status | Not for loan | Collection code | Home library | Current library | Shelving location | Date acquired | Date last seen | Copy number | Price effective from | Koha item type | Public note |
|---|---|---|---|---|---|---|---|---|---|---|---|---|---|---|
| Local Classification | Web Resources collection | National Assembly Library of Thailand | National Assembly Library of Thailand | Audio-Visual zone | 16/03/2023 | 16/03/2023 | ตอนที่ 1 | 16/03/2023 | Human Book | Click 'Play media' to view | ||||
| Local Classification | Web Resources collection | National Assembly Library of Thailand | National Assembly Library of Thailand | Audio-Visual zone | 16/03/2023 | 27/03/2023 | ตอนที่ 2 | 16/03/2023 | Human Book | Click 'Play media' to view | ||||
| Local Classification | Web Resources collection | National Assembly Library of Thailand | National Assembly Library of Thailand | Audio-Visual zone | 16/03/2023 | 27/03/2023 | ตอนที่ 3 | 16/03/2023 | Human Book | Click 'Play media' to view |
